00657nam a2200193Ia 4500952013700000999001700137003000400154005001700158008004100175020001800216040000900234082001800243100002700261245006700288260004500355300000900400650001200409942004200421 00102ddc40708MATHEMATICSaMESbMEScPHYd2019-02-20g395.00l0o512.89 SHA/Mp34407r2019-02-20 00:00:00w2019-02-20yBKzGL11R1 c34293d34293OSt20200918144437.0190216s9999||||xx |||||||||||||| ||und|| a9788120338661 coclc a512.89bSHA/M aSharma, Vinod K 94760 0aMatrix Methods And Vector Spaces In Physics /cVinod K Sharma  bPhi Learning Private,c2009.aNew Delhi: a484p aPhysics cBK2ddch512.89iSHA/Mk512.89mSHA/M